| 000 | 00635nam a2200205Ia 4500 | ||
|---|---|---|---|
| 999 |
_c41212 _d41212 |
||
| 001 | 7864 | ||
| 003 | GE_BSU | ||
| 005 | 20190723175244.0 | ||
| 008 | 181216s2012||||en |||||||||||||| ||eng|| | ||
| 020 | _a9781408237076 | ||
| 080 | _a811.111-8+338.22 C-84 | ||
| 100 |
_aCotton, David. _93235 |
||
| 245 |
_aPre-itermediate : MARKET LEADER _bBusiness English Course book / _cDavid Cotton. |
||
| 264 |
_aEngland, _c2012. |
||
| 300 |
_a175 p .: _b iIl ; _c27 cm. _e+CD |
||
| 653 | _aBusiness English Course book | ||
| 653 | _aPre-itermediate MARKET LEADER | ||
| 653 | _aბიზნეს ინგლისური | ||
| 942 |
_cBK _2udc |
||